000 00909cam a2200301 4500
001 ABS64340
008 010820n2001 000 0 eng u
035 _a(Sirsi) u114202
245 _aFocus 2001: City of Edinburgh
260 _c2001
490 _aEstates Gazette
_v(0131) 4 August 2001, 53-73(16)
590 _aABS
650 _aEDINBURGH
650 _aPLANNING SYSTEM
650 _aHERITAGE
650 _aPRESERVATION
650 _aSCOTLAND
650 _aDEVELOPMENT
650 _aPROPERTY-COMMERCIAL PROPERTY-OFFICE PROPERTY-OFFICE PROPERTY MARKET
650 _aINWARD INVESTMENT
650 _aPROPERTY-COMMERCIAL PROPERTY-RETAIL PROPERTY-RETAIL PROPERTY MARKET
650 _aLEISURE MARKET
650 _aINDUSTRIAL MARKET
650 _aPRIME LOCATIONS
650 _aCITY CENTRE REDEVELOPMENT
690 _aPROPERTY-COMMERCIAL PROPERTY-COMMERCIAL PROPERTY MARKET
942 _n0
999 _c68035
_d68035